| 000 | 01579nam a2200253 a 4500 | ||
|---|---|---|---|
| 008 | 120416s1994 ||||||||||||||||| || u | ||
| 020 | _a0748717013 | ||
| 050 | _aTA 330 Gre | ||
| 100 | _aTaylor, Graham William | ||
| 245 | 1 | 0 |
_aBTEC National NII mathematics for technicians _cAlex Greer; Graham William Taylor |
| 250 | _a2nd ed | ||
| 260 |
_aCheltenham _bStanley Thornes _c1994 |
||
| 300 | _aviii, 448p. : ill | ||
| 350 | _a0.00 | ||
| 650 | 0 | _aMATHEMATICS--HANDBOOKS, MANUALS, ETC | |
| 650 | 0 | _aELECTRIC ENGINEERING--MATHEMATICS | |
| 700 | _aGreer, Alex | ||
| 995 |
_aANNEX COLLECTION (Main Library) _D0.00 _e729860 _FCBU-MAIN LIBRARY (Kitwe) _H1 _I30000.00 _jTA 330 GRE _M1 _UAVAILABLE _y023895 _ZAnnex Low-Usage Collection |
||
| 995 |
_aANNEX COLLECTION (Main Library) _D0.00 _e731984 _FCBU-MAIN LIBRARY (Kitwe) _H2 _I30000.00 _jTA 330 GRE _M2 _UAVAILABLE _WMay 16, 2006 _y029180 _ZAnnex Low-Usage Collection |
||
| 995 |
_aMAIN LIBRARY OPEN ACCESS _D0.00 _e027974 _FCBU-MAIN LIBRARY (Kitwe) _H4 _I30000.00 _jTA 330 GRE _M4 _UAVAILABLE _y027974 _ZMain Library Open Access Collection |
||
| 995 |
_aANNEX COLLECTION (Main Library) _D0.00 _e730819 _FCBU-MAIN LIBRARY (Kitwe) _H3 _I30000.00 _jTA 330 Gre _M3 _UAVAILABLE _WMay 16, 2006 _y028196 _ZAnnex Low-Usage Collection |
||
| 995 |
_aANNEX COLLECTION (Main Library) _D0.00 _e731985 _FCBU-MAIN LIBRARY (Kitwe) _H5 _I30000.00 _jTA 330 Gre _M5 _UAVAILABLE _y029198 _ZAnnex Low-Usage Collection |
||
| 995 |
_aANNEX COLLECTION (Main Library) _D0.00 _e737639 _FCBU-MAIN LIBRARY (Kitwe) _H1 _I0.00 _jTA 330 GRE _M6 _UAVAILABLE _WFeb 15, 2007 _y53084 _ZAnnex Low-Usage Collection |
||
| 999 |
_c77764 _d77764 |
||